Normal view
MARC view
Entry Personal Name
001 - CONTROL NUMBER
- control field: 67385
003 - CONTROL NUMBER IDENTIFIER
- control field: dpl
005 - DATE AND TIME OF LATEST TRANSACTION
- control field: 20240606104814.0
008 - FIXED-LENGTH DATA ELEMENTS
- fixed length control field: 240606|| aca||aabn | a|a d
040 ## - CATALOGING SOURCE
- Original cataloging agency: dpl
- Transcribing agency: dpl
100 ## - HEADING--PERSONAL NAME
- Personal name: खां मौलाना मुहम्मद फारुख
670 ## - SOURCE DATA FOUND
- Source citation: Work cat.: (dpl)202453: खां मौलाना मुहम्मद फारुख, परलोक की छाया में/, 2014
